[Event "7eme open international de La Fere"]
[Site "La Fere (FRA)"]
[Date "2008.07.08"]
[Round "5.40"]
[White "Ringoir, Guy"]
[Black "Aernouts, Ludovic"]
[Result "1-0"]
[WhiteElo "1944"]
[BlackElo "1692"]
[PlyCount "120"]
[EventDate "2008.??.??"]

1. e4 d5 2. exd5 Nf6 3. c4 c6 4. d4 cxd5 5. Nc3 Nc6 6. Bg5 h6 7. Bxf6 exf6 8.
cxd5 Nb8 9. Be2 Bd6 10. Bf3 O-O 11. Nge2 Qb6 12. Qd2 Bf5 13. O-O Na6 14. Ng3
Bg6 15. a3 f5 16. Rfe1 Rac8 17. Re2 Nc7 18. Rae1 Ne8 19. h3 Nf6 20. Nf1 Rc4 21.
Ne3 Rxd4 22. Qc1 Ne4 23. Nxf5 Nxc3 24. bxc3 Bxf5 25. cxd4 Qxd4 26. Qe3 Qa4 27.
Rb2 b6 28. Ra1 Re8 29. Qb3 Qf4 30. g3 Qd4 31. Rd1 Qc5 32. Kg2 Qc8 33. h4 Bh3+
34. Kh2 Bf5 35. a4 Qd8 36. Kg2 Bd7 37. Re2 Rf8 38. Rde1 Qc8 39. Re4 f5 40. Rc4
Qb8 41. Qd1 Kh8 42. Bh5 a6 43. f4 b5 44. axb5 Qxb5 45. Rc2 a5 46. Be2 Qb7 47.
Bf3 a4 48. Qa1 Qb3 49. Rb2 Qc3 50. Rb7 Qc8 51. Ra7 Rd8 52. Re2 Qc4 53. Re6 Be8
54. Rxh6+ Kg8 55. Ra6 Qc2+ 56. Kh3 Qf2 57. Bg2 Qe2 58. Ra8 Qg4+ 59. Kh2 Be7 60.
Rxd8 Bxd8 1-0

[Event "7eme open international de La Fere"]
[Site "La Fere (FRA)"]
[Date "2008.07.08"]
[Round "5.41"]
[White "Barbry, Quentin"]
[Black "Demeestere, Laurent"]
[Result "0-1"]
[WhiteElo "1700"]
[BlackElo "1941"]
[PlyCount "58"]
[EventDate "2008.??.??"]

1. e4 d5 2. exd5 Qxd5 3. Nc3 Qd6 4. d4 Nf6 5. Nf3 a6 6. Be2 Bg4 7. O-O e6 8.
Be3 Nc6 9. Qd3 Be7 10. Ne4 Nxe4 11. Qxe4 Bf5 12. Qf4 Qxf4 13. Bxf4 Bxc2 14.
Bxc7 Rc8 15. Bf4 O-O 16. Rac1 Nb4 17. a3 Nd5 18. Bg3 f6 19. Rfe1 Rc6 20. Bd1
Rfc8 21. Bxc2 Rxc2 22. Rxc2 Rxc2 23. Rxe6 Kf7 24. Re1 Rxb2 25. Ra1 Bxa3 26. Kf1
Bb4 27. Rc1 a5 28. Rc8 a4 29. Ra8 a3 0-1

[Event "7eme open international de La Fere"]
[Site "La Fere (FRA)"]
[Date "2008.07.08"]
[Round "5.42"]
[White "Marchal, Roger"]
[Black "Delboe, Charles"]
[Result "0-1"]
[WhiteElo "1698"]
[BlackElo "1884"]
[PlyCount "34"]
[EventDate "2008.??.??"]

1. c4 c5 2. g3 Nc6 3. Bg2 g6 4. Nf3 Bg7 5. O-O d6 6. Nc3 e5 7. d3 Nge7 8. Nh4
Bf6 9. Nf3 O-O 10. Bh6 Bg7 11. Bxg7 Kxg7 12. Nh4 Nd4 13. Nd5 Bg4 14. f3 Nxd5
15. cxd5 Bd7 16. f4 exf4 17. gxf4 Qxh4 0-1

[Event "7eme open international de La Fere"]
[Site "La Fere (FRA)"]
[Date "2008.07.08"]
[Round "5.43"]
[White "Vandervorst, Marc"]
[Black "Ben Porat, Tal"]
[Result "1/2-1/2"]
[WhiteElo "1877"]
[BlackElo "1659"]
[PlyCount "88"]
[EventDate "2008.??.??"]

1. e4 e6 2. d4 d5 3. Nc3 Nf6 4. exd5 exd5 5. Nf3 Bg4 6. Be2 Bb4 7. O-O O-O 8.
Bg5 Bxc3 9. bxc3 Nbd7 10. h3 Bh5 11. g4 Bg6 12. Ne5 Qe8 13. Nxg6 fxg6 14. f3
Qe6 15. Bd3 Qd6 16. Kg2 Rae8 17. c4 Kh8 18. c5 Qe7 19. Qd2 b6 20. cxb6 cxb6 21.
a4 Qd6 22. Bh4 Re6 23. Bg3 Qe7 24. Rae1 Re8 25. Rxe6 Qxe6 26. Re1 Qf7 27. Rxe8+
Qxe8 28. Qe1 Qxe1 29. Bxe1 Kg8 30. Bb5 Kf7 31. g5 a6 32. Bc6 Nb8 33. Ba8 a5 34.
Bxd5+ Ke7 35. Bd2 Nbd7 36. c4 Kd6 37. Be4 Nb8 38. Bc3 Nfd7 39. c5+ bxc5 40.
dxc5+ Nxc5 41. Bc2 Ne6 42. h4 Nf4+ 43. Kf1 Nd5 44. Kf2 Ne3 1/2-1/2

[Event "7eme open international de La Fere"]
[Site "La Fere (FRA)"]
[Date "2008.07.08"]
[Round "5.44"]
[White "Rouffignac, Tanguy"]
[Black "Coquelle, Gilbert"]
[Result "1-0"]
[WhiteElo "1640"]
[BlackElo "1780"]
[PlyCount "60"]
[EventDate "2008.??.??"]

1. e4 e5 2. Nf3 Nc6 3. Bb5 a6 4. Ba4 Nf6 5. O-O b5 6. Bb3 Be7 7. Re1 O-O 8. c3
d6 9. h3 Be6 10. d4 Bxb3 11. axb3 exd4 12. Nxd4 Nxd4 13. Qxd4 h6 14. c4 Nh7 15.
Nc3 c6 16. Bf4 Ng5 17. Bh2 Ne6 18. Qe3 b4 19. Ne2 c5 20. Red1 Qb6 21. Nf4 Nxf4
22. Bxf4 Rad8 23. Rd3 g5 24. Bg3 f5 25. exf5 Bf6 26. Qe6+ Kg7 27. Rxd6 Rxd6 28.
Qxd6 Qxd6 29. Bxd6 Bxb2 30. Ra2 Bd4 1-0

[Event "7eme open international de La Fere"]
[Site "La Fere (FRA)"]
[Date "2008.07.08"]
[Round "5.45"]
[White "Delahaye, Marc"]
[Black "Daniel, Antoine"]
[Result "1/2-1/2"]
[WhiteElo "1610"]
[BlackElo "1770"]
[PlyCount "92"]
[EventDate "2008.??.??"]

1. c4 Nf6 2. Nc3 d6 3. g3 c5 4. Bg2 g6 5. e4 Nc6 6. Nge2 Bg7 7. O-O O-O 8. d3
a6 9. Rb1 e6 10. Bg5 Qc7 11. Qd2 Rb8 12. Bh6 b5 13. Bxg7 Kxg7 14. b3 Bd7 15. f4
e5 16. f5 Nd4 17. Nxd4 cxd4 18. Nd5 Nxd5 19. cxd5 Qb6 20. f6+ Kh8 21. Qh6 Rg8
22. Rfc1 Qd8 23. Qg5 Rc8 24. Rxc8 Qxc8 25. Rc1 Qb8 26. Qh6 g5 27. Qh5 Rg6 28.
Qf3 Qd8 29. Rf1 h6 30. Qf2 b4 31. Qf3 Bb5 32. Bh3 Bd7 33. Bxd7 Qxd7 34. Qf5
Qxf5 35. exf5 Rxf6 36. g4 h5 37. h3 hxg4 38. hxg4 Rh6 39. Kg2 Kg7 40. Rc1 Rh8
41. Rc6 a5 42. Rc4 Rb8 43. Kf3 Rb5 44. Ke4 Kf6 45. Rc6 Ke7 46. Rc7+ Kf6 1/2-1/2

[Event "7eme open international de La Fere"]
[Site "La Fere (FRA)"]
[Date "2008.07.08"]
[Round "5.46"]
[White "Christophe, Lucie"]
[Black "Cheriet, Salim"]
[Result "1-0"]
[WhiteElo "1760"]
[BlackElo "1590"]
[PlyCount "105"]
[EventDate "2008.??.??"]

1. d4 Nf6 2. Bf4 d6 3. Nf3 g6 4. e3 Bg7 5. c3 O-O 6. Bd3 Nbd7 7. O-O Nh5 8. Bg5
h6 9. Bh4 g5 10. Nxg5 Nhf6 11. Nf3 c6 12. Nbd2 Re8 13. Qc2 Qc7 14. Bg3 Nh5 15.
e4 Nxg3 16. hxg3 e5 17. Kh2 Nf6 18. Rh1 Bg4 19. Kg1 Nd7 20. Rh4 Nf6 21. Nh2 Bh5
22. dxe5 dxe5 23. Ndf3 Bg6 24. Ng4 Nxg4 25. Rxg4 Qd7 26. Rh4 Rad8 27. Be2 Qe6
28. Nd2 b5 29. Nb3 Qe7 30. Bh5 Rd6 31. Bxg6 Rxg6 32. Rd1 Bf6 33. Rh3 c5 34. Qd2
c4 35. Na1 Rd8 36. Qxd8+ Qxd8 37. Rxd8+ Bxd8 38. Kf1 Bb6 39. Nc2 Rf6 40. f3 Rg6
41. Nb4 a5 42. Nd5 Kf8 43. g4 Bd8 44. Rh5 Bg5 45. Ke2 Re6 46. Rh1 Re8 47. Rd1
Rd8 48. Ne7 Rxd1 49. Kxd1 b4 50. Nd5 Be7 51. Nb6 b3 52. a3 Bc5 53. Nxc4 1-0

[Event "7eme open international de La Fere"]
[Site "La Fere (FRA)"]
[Date "2008.07.08"]
[Round "5.47"]
[White "Pierret, Paul"]
[Black "Jimenez, Martin"]
[Result "0-1"]
[WhiteElo "1591"]
[BlackElo "1750"]
[PlyCount "92"]
[EventDate "2008.??.??"]

1. d4 d5 2. Bf4 Nf6 3. Nc3 c6 4. e3 Bf5 5. Bd3 Bxd3 6. Qxd3 e6 7. a3 Bd6 8.
Bxd6 Qxd6 9. Nf3 Nbd7 10. O-O O-O 11. b4 a5 12. b5 Rac8 13. a4 c5 14. dxc5 Qxc5
15. Ne2 Qxc2 16. Qxc2 Rxc2 17. Ned4 Rc4 18. Nd2 Rc7 19. Rab1 Nb6 20. Ra1 Nfd7
21. h3 Rcc8 22. N4b3 Nc4 23. Nf3 Nc5 24. Nxc5 Rxc5 25. Rfc1 Rfc8 26. Kh2 Nb6
27. Rd1 Rc4 28. Rd4 f6 29. Rxc4 dxc4 30. Nd4 e5 31. Nf5 Rc7 32. Ng3 c3 33. Ne2
Rc4 34. f3 c2 35. e4 Rxa4 36. Re1 Rb4 37. Nc3 Na4 38. Ne2 Rb1 39. Nc1 Nc3 40.
Nd3 Rxe1 41. Nxe1 c1=Q 42. Nd3 Qf1 43. Nc5 Ne2 44. h4 h5 45. Nxb7 Qg1+ 46. Kh3
Qh1# 0-1

[Event "7eme open international de La Fere"]
[Site "La Fere (FRA)"]
[Date "2008.07.08"]
[Round "5.48"]
[White "Regniez, Jeremy"]
[Black "Fauchart, Francois"]
[Result "1-0"]
[WhiteElo "1750"]
[BlackElo "1580"]
[PlyCount "82"]
[EventDate "2008.??.??"]

1. d4 d5 2. Bg5 Nf6 3. e3 e6 4. Nf3 Be7 5. Nbd2 Nbd7 6. c4 c6 7. Bd3 O-O 8. a3
a6 9. b4 b6 10. O-O g6 11. Bh6 Re8 12. Qa4 Bb7 13. Qc2 Bd6 14. c5 bxc5 15. bxc5
Bc7 16. Bg5 Qb8 17. Rab1 Ra7 18. e4 Ng4 19. e5 Kg7 20. h3 f6 21. hxg4 fxg5 22.
Nxg5 Qd8 23. f4 Qe7 24. Rf3 Rf8 25. Rbf1 h6 26. Nh3 a5 27. Bxg6 Ba6 28. R1f2
Kh8 29. g5 Kg7 30. gxh6+ Kxh6 31. Ng5 Rh8 32. Nf7+ Kg7 33. Nxh8 Ra8 34. Nf7 Nf8
35. Rg3 Qh4 36. Rff3 Be2 37. Bh5+ Ng6 38. Qxg6+ Kf8 39. Qg7+ Ke8 40. Nd6+ Kd8
41. Qg8+ Kd7 1-0

[Event "7eme open international de La Fere"]
[Site "La Fere (FRA)"]
[Date "2008.07.08"]
[Round "5.49"]
[White "Laufer, Maurice"]
[Black "Adelise, Theo"]
[Result "0-1"]
[WhiteElo "1521"]
[BlackElo "1600"]
[PlyCount "142"]
[EventDate "2008.??.??"]

1. f4 d5 2. Nf3 Nc6 3. e3 Nf6 4. Be2 Bg4 5. O-O Bxf3 6. Bxf3 e6 7. d3 Bc5 8.
Kh1 O-O 9. c3 Ne7 10. b4 Bd6 11. Qe1 c5 12. a3 Rb8 13. Bb2 c4 14. dxc4 dxc4 15.
Nd2 b5 16. Rd1 Qb6 17. Ne4 Nxe4 18. Bxe4 Ng6 19. Bc1 Be7 20. f5 exf5 21. Bxf5
Qc6 22. e4 Rbd8 23. Bd2 Rd6 24. e5 Rdd8 25. Rb1 Nh4 26. Be4 Qd7 27. Rb2 Ng6 28.
Bf5 Qc7 29. e6 f6 30. Bxg6 hxg6 31. Bf4 Qc6 32. h4 Rfe8 33. Re2 Bd6 34. Qg3
Bxf4 35. Qxf4 Rxe6 36. Ref2 Re4 37. Qg3 Rd3 38. Rf3 Rxf3 39. Rxf3 Qe8 40. Kh2
Qe5 41. Qxe5 Rxe5 42. Kh3 Re2 43. Rf4 Ra2 44. Rd4 Rxa3 45. Rd5 a6 46. Kh2 Rxc3
47. Rd6 Rb3 48. Rxa6 Rxb4 49. Rc6 Kf7 50. g4 Rb3 51. Kg2 Rd3 52. Rc7+ Ke6 53.
Rb7 c3 54. Rxb5 c2 55. Rc5 Rd2+ 56. Kf3 Kd6 57. Rc8 Ke5 58. Ke3 Rh2 59. g5 Rxh4
60. Rxc2 Rh3+ 61. Kd2 Rh2+ 62. Kd1 Rxc2 63. Kxc2 Kf4 64. gxf6 gxf6 65. Kd2 Kg4
66. Ke2 Kg3 67. Kf1 f5 68. Kg1 g5 69. Kh1 f4 70. Kg1 g4 71. Kh1 Kf2 0-1

[Event "7eme open international de La Fere"]
[Site "La Fere (FRA)"]
[Date "2008.07.08"]
[Round "5.50"]
[White "Gonzalez Garcia, Pierre-Emmanuel"]
[Black "Rouffignac, Marie"]
[Result "1-0"]
[WhiteElo "1643"]
[BlackElo "1390"]
[PlyCount "59"]
[EventDate "2008.??.??"]

1. c4 e6 2. Nc3 Nf6 3. d4 d5 4. Bf4 Be7 5. Nf3 O-O 6. e3 a6 7. a3 b6 8. b4 Bb7
9. c5 Nbd7 10. Bd3 Rc8 11. h3 Nh5 12. Bh2 Nb8 13. Ne5 Nf6 14. Qc2 h6 15. Qe2
Ne8 16. Bc2 f6 17. Qd3 f5 18. Ne2 Bf6 19. Ng6 Rf7 20. Nef4 Qd7 21. Nh5 Nc6 22.
g4 Ne7 23. gxf5 exf5 24. Rg1 bxc5 25. bxc5 c6 26. Bf4 Kh7 27. Nxe7 Qxe7 28.
Qxf5+ g6 29. Qxg6+ Kh8 30. Qg8# 1-0

[Event "7eme open international de La Fere"]
[Site "La Fere (FRA)"]
[Date "2008.07.08"]
[Round "5.53"]
[White "Descamps, Serge"]
[Black "Honore, Adrien"]
[Result "0-1"]
[WhiteElo "1570"]
[BlackElo "1290"]
[PlyCount "40"]
[EventDate "2008.??.??"]

1. e4 e5 2. Nf3 Nc6 3. Bc4 Nf6 4. Nc3 Bc5 5. O-O O-O 6. d3 d6 7. Bg5 Bg4 8. Nd5
Nd4 9. Nxf6+ gxf6 10. Bh6 Re8 11. c3 Nxf3+ 12. gxf3 Bh3 13. f4 Qd7 14. f5 Kh8
15. Kh1 Rg8 16. Rg1 Bxf2 17. Bg7+ Rxg7 18. Rxg7 Kxg7 19. Qh5 Bxf5 20. exf5 Qc6+
0-1

[Event "7eme open international de La Fere"]
[Site "La Fere (FRA)"]
[Date "2008.07.08"]
[Round "5.54"]
[White "Lever, Erwan"]
[Black "Legrand, Jean-Pierre"]
[Result "1-0"]
[WhiteElo "1536"]
[BlackElo "1570"]
[PlyCount "131"]
[EventDate "2008.??.??"]

1. d4 d5 2. Nf3 Nf6 3. Bf4 c6 4. e3 Nbd7 5. c4 e6 6. Nc3 Be7 7. Bd3 dxc4 8.
Bxc4 Nd5 9. Bxd5 exd5 10. O-O O-O 11. Qc2 h6 12. Rfe1 Bf6 13. Rad1 g5 14. Bg3
Bg7 15. e4 Nb6 16. exd5 cxd5 17. Nb5 f5 18. Nc7 f4 19. Nxa8 Nxa8 20. Bh4 Bf5
21. Qc5 Nb6 22. Re7 Bf6 23. Rxb7 Rf7 24. Rxf7 Kxf7 25. Qc6 Kg7 26. Qb7+ Qe7 27.
Qxe7+ Bxe7 28. Rc1 Nc4 29. b3 Ba3 30. Re1 Nb6 31. Nxg5 hxg5 32. Bxg5 a6 33.
Bxf4 Kf7 34. Bc7 Nd7 35. Bd8 Nf8 36. h4 Ne6 37. Bb6 Bd3 38. Re5 Nf4 39. g3 Ne2+
40. Kh2 Be4 41. h5 Kg7 42. Re6 Nc3 43. Ba7 a5 44. Ra6 Bb2 45. Rxa5 Kh6 46. b4
Kxh5 47. b5 Nd1 48. b6 Nxf2 49. b7 Ng4+ 50. Kg1 Bc1 51. b8=Q Be3+ 52. Kf1 Nh2+
53. Ke2 Bg1 54. Qe8+ Kg4 55. Qe6+ Bf5 56. Qg8+ Kh3 57. Rxd5 Bg4+ 58. Kd3 Nf3
59. Re5 Kxg3 60. Rg5 Ne1+ 61. Kc4 Bxd4 62. Rxg4+ Kf2 63. Bxd4+ Ke2 64. Qe6+ Kd2
65. Qe3+ Kc2 66. Qe2+ 1-0

[Event "7eme open international de La Fere"]
[Site "La Fere (FRA)"]
[Date "2008.07.08"]
[Round "5.55"]
[White "Colnot, Nicolas"]
[Black "Bedu, Jean-Pierre"]
[Result "0-1"]
[WhiteElo "1480"]
[BlackElo "1560"]
[PlyCount "128"]
[EventDate "2008.??.??"]

1. e4 c6 2. Nf3 d5 3. e5 Bf5 4. d4 e6 5. Nfd2 Qb6 6. Nb3 Nd7 7. Be3 Rc8 8. c3
Qc7 9. N1d2 c5 10. Nf3 cxd4 11. Bxd4 b6 12. Bb5 Bc5 13. Bxd7+ Qxd7 14. Nxc5
bxc5 15. Be3 Ne7 16. O-O O-O 17. b4 cxb4 18. cxb4 Bg4 19. h3 Bxf3 20. Qxf3 Nc6
21. Qg3 Nxb4 22. Bh6 f6 23. exf6 Rxf6 24. Bd2 Nc2 25. Rac1 Nd4 26. Rxc8+ Qxc8
27. Qe3 Qc4 28. Re1 Nc2 29. Qxa7 Nxe1 30. Bxe1 Qe2 31. Qa8+ Rf8 32. Qa5 Qc4 33.
Qa3 Qc6 34. Qg3 d4 35. Qe5 Qd5 36. Qxd5 exd5 37. Bb4 Rc8 38. g3 Rc2 39. a3 Kf7
40. Kf1 h5 41. Ke1 Ke6 42. f4 g6 43. a4 Rc4 44. Bd2 Rxa4 45. Ke2 Ra3 46. Be1
Kf5 47. Bf2 Ke4 48. Be1 h4 49. g4 Rxh3 50. Bf2 Rh2 51. Ke1 Rxf2 52. Kxf2 Kxf4
53. Ke2 Kxg4 54. Kd3 h3 55. Kxd4 h2 56. Kxd5 h1=Q+ 57. Ke6 Qe4+ 58. Kd6 Kf5 59.
Kc5 Ke6 60. Kb6 Qc4 61. Ka5 Qb3 62. Ka6 Kd6 63. Ka5 Kc6 64. Ka6 Qb6# 0-1

[Event "7eme open international de La Fere"]
[Site "La Fere (FRA)"]
[Date "2008.07.08"]
[Round "5.56"]
[White "Delmotte, Eric"]
[Black "Mahan, James Robert"]
[Result "0-1"]
[WhiteElo "1833"]
[BlackElo "1544"]
[PlyCount "60"]
[EventDate "2008.??.??"]

1. e4 e5 2. Nc3 Nf6 3. Bc4 Nc6 4. d3 d6 5. a3 Be7 6. f4 Bg4 7. Nge2 Nd4 8. O-O
Nxe2+ 9. Nxe2 d5 10. exd5 exf4 11. Bxf4 Bc5+ 12. d4 Bd6 13. h3 Bxf4 14. Rxf4
Bh5 15. Qf1 O-O 16. Nc3 Bg6 17. Bb3 Qd6 18. Nb5 Qb6 19. c4 c6 20. g4 cxb5 21.
c5 Qc7 22. d6 Qc6 23. a4 a6 24. axb5 Qxb5 25. Bc4 Qc6 26. Rxf6 gxf6 27. Qxf6
Qd7 28. Qg5 Rfe8 29. Rf1 Qd8 30. Rf6 Kg7 0-1

[Event "7eme open international de La Fere"]
[Site "La Fere (FRA)"]
[Date "2008.07.09"]
[Round "6.1"]
[White "Degraeve, Jean-Marc"]
[Black "Abbasov, Farid"]
[Result "1-0"]
[WhiteElo "2523"]
[BlackElo "2552"]
[PlyCount "159"]
[EventDate "2008.??.??"]

1. e4 c5 2. Nf3 g6 3. Bc4 Bg7 4. O-O d6 5. c3 Nf6 6. Re1 O-O 7. Bb3 Nc6 8. h3
b5 9. d4 cxd4 10. cxd4 Bb7 11. Nbd2 e5 12. d5 Nb4 13. Nf1 a5 14. a3 Na6 15. Bc2
Nc5 16. Bd2 a4 17. Ng3 Bc8 18. Be3 Ne8 19. Nf1 Bd7 20. g4 Kh8 21. Ng3 Nb3 22.
Bxb3 axb3 23. Nd2 Ra4 24. Qxb3 h5 25. f3 f5 26. exf5 h4 27. f6 Bxf6 28. Nge4
Be7 29. Rac1 Qa8 30. Rc2 Kg7 31. Kg2 Qb7 32. Nc3 Ra8 33. Na2 Nf6 34. Nb4 Rac8
35. Rec1 Rxc2 36. Rxc2 Be8 37. Ne4 Bf7 38. Nxf6 Bxf6 39. Rc6 Qe7 40. Qc2 Bg5
41. Bb6 Qf6 42. Qe4 Be8 43. Rc7+ Kh6 44. Nd3 Qh8 45. Nf2 Bf4 46. Qb4 Qg8 47.
Ne4 Qxd5 48. g5+ Bxg5 49. Nxg5 Rf4 50. Be3 Kxg5 51. Bxf4+ exf4 52. Qe1 Bc6 53.
Qf2 Ba8 54. Rh7 Kf5 55. Rxh4 Qb3 56. Rg4 Qd3 57. h4 Bd5 58. Rg5+ Kf6 59. Rg4
Kf5 60. h5 gxh5 61. Rh4 Kg5 62. Rh1 Kh6 63. Rf1 Bc4 64. Rc1 Qg6+ 65. Kh2 Qf5
66. Rd1 Qg6 67. Rd4 Qf6 68. Rd2 Bf7 69. Qe1 d5 70. b3 Qc3 71. Qf2 Kg5 72. Qd4
Qc7 73. Rg2+ Kf5 74. a4 bxa4 75. bxa4 Qd8 76. Qd3+ Kf6 77. a5 Qxa5 78. Qd4+ Ke7
79. Re2+ Kd7 80. Qg7 1-0

[Event "7eme open international de La Fere"]
[Site "La Fere (FRA)"]
[Date "2008.07.09"]
[Round "6.2"]
[White "Gharamian, Tigran"]
[Black "Gozzoli, Yannick"]
[Result "1/2-1/2"]
[WhiteElo "2560"]
[BlackElo "2502"]
[PlyCount "42"]
[EventDate "2008.??.??"]

1. e4 e5 2. Nf3 Nc6 3. Bb5 a6 4. Bxc6 dxc6 5. O-O Bd6 6. d4 exd4 7. Qxd4 f6 8.
Be3 Ne7 9. Nbd2 Be6 10. Rad1 Ng6 11. Qc3 Qe7 12. Nb3 Bxb3 13. Qxb3 O-O-O 14.
Nd2 Rhe8 15. f3 f5 16. Bf2 Nf4 17. exf5 Qg5 18. g3 Nh3+ 19. Kg2 Nf4+ 20. Kg1
Nh3+ 21. Kg2 Nf4+ 1/2-1/2

[Event "7eme open international de La Fere"]
[Site "La Fere (FRA)"]
[Date "2008.07.09"]
[Round "6.4"]
[White "Ninov, Nikolai"]
[Black "Marholev, Dimitar"]
[Result "1-0"]
[WhiteElo "2515"]
[BlackElo "2366"]
[PlyCount "185"]
[EventDate "2008.??.??"]

1. e4 e5 2. Nf3 Nc6 3. Bc4 Bc5 4. c3 Nf6 5. d4 exd4 6. O-O Nxe4 7. cxd4 d5 8.
dxc5 dxc4 9. Qxd8+ Kxd8 10. Rd1+ Bd7 11. Ng5 Nxg5 12. Bxg5+ Kc8 13. Na3 Be6 14.
Rdc1 Ne5 15. Rc3 h6 16. Bh4 Nd3 17. c6 Nf4 18. cxb7+ Kxb7 19. Kf1 Bf5 20. Re3
Bd3+ 21. Kg1 Ne2+ 22. Kh1 g5 23. Bg3 f5 24. Be5 f4 25. Rxe2 Bxe2 26. Bxh8 Rxh8
27. Re1 Rd8 28. Nb1 f3 29. gxf3 Bxf3+ 30. Kg1 Rd4 31. Kf1 Rh4 32. Nd2 Bd5 33.
Re5 c6 34. Kg1 Rd4 35. Re2 Rd3 36. Ne4 Rd1+ 37. Kg2 Rd4 38. f3 g4 39. Kg3 gxf3
40. Kxf3 Kb6 41. h4 h5 42. Kf4 c5 43. Kf5 Bc6 44. Nc3 Rxh4 45. Re6 Rd4 46. Rh6
Rd2 47. Ke5 h4 48. Rxh4 Rxb2 49. Rxc4 Bb5 50. Nd5+ Kc6 51. Ne7+ Kd7 52. Rxc5
Kxe7 53. Rc7+ Bd7 54. Rxa7 Re2+ 55. Kd5 Rh2 56. Ra6 Rh5+ 57. Kd4 Be6 58. a4 Kf6
59. a5 Rh4+ 60. Kc5 Ke5 61. Ra8 Rc4+ 62. Kb5 Rc1 63. Rd8 Bc4+ 64. Kb6 Ra1 65.
Kc5 Be6 66. Kb6 Rb1+ 67. Ka7 Bc4 68. Rb8 Ra1 69. Kb6 Kd4 70. Rd8+ Kc3 71. Rc8
Kb4 72. Rxc4+ Kxc4 73. a6 Kd5 74. a7 Kd6 75. Kb7 Rb1+ 76. Kc8 Rc1+ 77. Kb7 Kd7
78. a8=Q Rb1+ 79. Ka7 Kc7 80. Qh8 Rb7+ 81. Ka6 Rb6+ 82. Ka5 Rd6 83. Qe5 Kc6 84.
Kb4 Rd7 85. Qe6+ Kc7 86. Kc5 Rd1 87. Qe7+ Kc8 88. Qe6+ Kc7 89. Qe5+ Kd8 90.
Qg5+ Kc7 91. Qf4+ Kd8 92. Kc6 Re1 93. Qh4+ 1-0

[Event "7eme open international de La Fere"]
[Site "La Fere (FRA)"]
[Date "2008.07.09"]
[Round "6.5"]
[White "Meijers, Viesturs"]
[Black "Sundararajan, Kidambi"]
[Result "1/2-1/2"]
[WhiteElo "2496"]
[BlackElo "2446"]
[PlyCount "52"]
[EventDate "2008.??.??"]

1. e4 e5 2. Nf3 Nc6 3. Bb5 Nge7 4. d4 exd4 5. O-O g6 6. Bxc6 Nxc6 7. Bg5 f6 8.
Bh4 Bg7 9. Nxd4 O-O 10. Nc3 d6 11. f4 g5 12. Bf2 gxf4 13. Nd5 f5 14. Nxf4 Qe8
15. exf5 Bf6 16. c3 Qe4 17. Qb3+ Kh8 18. Nde6 Bxe6 19. Nxe6 Na5 20. Qb4 Qxe6
21. Qxa5 b6 22. Qa6 c5 23. Bg3 Qd7 24. h3 d5 25. Kh1 d4 26. cxd4 Bxd4 1/2-1/2

[Event "7eme open international de La Fere"]
[Site "La Fere (FRA)"]
[Date "2008.07.09"]
[Round "6.6"]
[White "Marzolo, Cyril"]
[Black "Piankov, Evgenij"]
[Result "1-0"]
[WhiteElo "2487"]
[BlackElo "2337"]
[PlyCount "41"]
[EventDate "2008.??.??"]

1. d4 d5 2. c4 c6 3. Nf3 e6 4. Qc2 f5 5. g3 Nf6 6. Bg2 Bd6 7. O-O O-O 8. Ne5 b6
9. Nc3 Ne4 10. cxd5 Nxc3 11. bxc3 cxd5 12. c4 Qc7 13. Qb3 Bb7 14. cxd5 Na6 15.
Bf4 g5 16. Rac1 Qg7 17. dxe6 Bxg2 18. e7+ Rf7 19. Nxf7 Qxf7 20. Bxd6 Bxf1 21.
Kxf1 1-0

[Event "7eme open international de La Fere"]
[Site "La Fere (FRA)"]
[Date "2008.07.09"]
[Round "6.8"]
[White "Chetverik, Maxim"]
[Black "Wirig, Anthony"]
[Result "1/2-1/2"]
[WhiteElo "2321"]
[BlackElo "2456"]
[PlyCount "66"]
[EventDate "2008.??.??"]

1. d4 Nf6 2. c4 e6 3. Nf3 c5 4. d5 b5 5. Bg5 Qa5+ 6. Qd2 b4 7. Bxf6 gxf6 8. g3
f5 9. Bg2 Bb7 10. O-O Qb6 11. Qg5 h6 12. Qf6 Rh7 13. Qh4 Be7 14. Qh5 Na6 15.
dxe6 dxe6 16. Rd1 Nb8 17. Ne5 Bxg2 18. Kxg2 Qb7+ 19. Qf3 Qxf3+ 20. exf3 Bf6 21.
Nd3 a5 22. a3 Nc6 23. Nxc5 Bxb2 24. Ra2 bxa3 25. Nxa3 Bxa3 26. Rxa3 Ne5 27. Ra4
Ke7 28. f4 Rc8 29. Rxa5 Nxc4 30. Ra7+ Kf6 31. Nd7+ Kg7 32. Ne5 Nxe5 33. fxe5
Rc5 1/2-1/2

[Event "7eme open international de La Fere"]
[Site "La Fere (FRA)"]
[Date "2008.07.09"]
[Round "6.14"]
[White "Feryn, Benjamin"]
[Black "Afek, Yochanan"]
[Result "0-1"]
[WhiteElo "1918"]
[BlackElo "2321"]
[PlyCount "103"]
[EventDate "2008.??.??"]

1. e4 c5 2. Nf3 Nc6 3. d4 cxd4 4. Nxd4 g6 5. Nc3 Bg7 6. Be3 Nf6 7. Bc4 O-O 8.
Bb3 d6 9. f3 Bd7 10. Qd2 Nxd4 11. Bxd4 b5 12. O-O-O a5 13. Nd5 a4 14. Nxf6+
Bxf6 15. Bd5 Bxd4 16. Qxd4 Rc8 17. a3 Rc5 18. g4 Qc7 19. c3 Be6 20. Kb1 Bxd5
21. exd5 f5 22. Rde1 Qd7 23. h3 Rf7 24. Rhg1 Qb7 25. Rd1 fxg4 26. fxg4 Rc4 27.
Qd3 Rcf4 28. Rge1 Qb6 29. Rf1 R4f6 30. Rde1 Qc5 31. Rxf6 exf6 32. Qe4 Kg7 33.
Qe6 Qf2 34. Re2 Qf3 35. Re3 Qd1+ 36. Ka2 f5 37. Qxd6 fxg4 38. Qe5+ Kh6 39. hxg4
Qb3+ 40. Ka1 Rf1+ 41. Re1 Rxe1+ 42. Qxe1 Qxd5 43. Qh4+ Kg7 44. Qe7+ Qf7 45.
Qe5+ Kh6 46. Qxb5 Qf4 47. Qb4 Kg5 48. Qxf4+ Kxf4 49. b4 h5 50. gxh5 gxh5 51. b5
Ke5 52. b6 0-1

[Event "7eme open international de La Fere"]
[Site "La Fere (FRA)"]
[Date "2008.07.09"]
[Round "6.11"]
[White "Sanduleac, Vasile"]
[Black "Dutel, Francois"]
[Result "1-0"]
[WhiteElo "2466"]
[BlackElo "1871"]
[PlyCount "55"]
[EventDate "2008.??.??"]

1. e4 c5 2. Nf3 d6 3. d4 cxd4 4. Qxd4 a6 5. c4 Nc6 6. Qd2 Nf6 7. Nc3 e6 8. Be2
Be7 9. O-O Qc7 10. b3 b6 11. Bb2 Bb7 12. Rac1 O-O 13. Nd5 exd5 14. cxd5 Nxe4
15. Qc2 Nf6 16. dxc6 Bc8 17. Nd4 d5 18. Bf3 Bd6 19. g3 h5 20. Rfe1 h4 21. Nf5
hxg3 22. hxg3 Bxf5 23. Qxf5 Nh7 24. Bxd5 Rae8 25. Kg2 Rxe1 26. Rxe1 Be7 27. Rh1
Ng5 28. Qg6 1-0

[Event "7eme open international de La Fere"]
[Site "La Fere (FRA)"]
[Date "2008.07.09"]
[Round "6.13"]
[White "Goldsztejn, Gildas"]
[Black "Durot, Edwige"]
[Result "1-0"]
[WhiteElo "2374"]
[BlackElo "1793"]
[PlyCount "87"]
[EventDate "2008.??.??"]

1. d4 d5 2. c4 c6 3. Nf3 Bf5 4. Nc3 e6 5. Qb3 Qc8 6. Bf4 Nd7 7. Rc1 Ngf6 8.
cxd5 Nxd5 9. Bg3 N7f6 10. e3 Be7 11. Be2 Nh5 12. Bh4 Bxh4 13. Nxh4 Nxc3 14.
Nxf5 exf5 15. Bxh5 Nd5 16. Bf3 Qd7 17. Bxd5 cxd5 18. Qa3 b6 19. O-O Rd8 20. Rc3
Qe7 21. Rfc1 Qxa3 22. Rxa3 a5 23. Rb3 Rb8 24. Rc6 Kd7 25. Rcxb6 Rxb6 26. Rxb6
Rc8 27. g3 a4 28. a3 Rc6 29. Rxc6 Kxc6 30. Kf1 Kb5 31. Ke2 Kc4 32. Kd2 f6 33.
Kc2 g5 34. f4 g4 35. Kd2 Kb3 36. Kc1 h6 37. Kb1 Kc4 38. Kc2 h5 39. Kd2 Kb3 40.
Kc1 Kc4 41. Kc2 Kb5 42. b3 Ka5 43. bxa4 Kxa4 44. Kb2 1-0

[Event "7eme open international de La Fere"]
[Site "La Fere (FRA)"]
[Date "2008.07.09"]
[Round "6.15"]
[White "Harnik, Cecilien"]
[Black "Ringoir, Tanguy"]
[Result "0-1"]
[WhiteElo "1871"]
[BlackElo "2321"]
[PlyCount "68"]
[EventDate "2008.??.??"]

1. e4 c5 2. Nf3 d6 3. d4 cxd4 4. Nxd4 Nf6 5. Nc3 a6 6. Bg5 e6 7. f4 Qc7 8. Bxf6
gxf6 9. Qd2 Nc6 10. O-O-O Bd7 11. Be2 h5 12. Kb1 O-O-O 13. Rhf1 Kb8 14. Rf3
Nxd4 15. Qxd4 Be7 16. Qb4 Qc5 17. Qb3 Ka7 18. Na4 Qa5 19. Qe3+ Kb8 20. Nc3 Qc5
21. Qd2 Bc6 22. Rd3 f5 23. Bf3 Rhg8 24. a3 Rc8 25. b4 Qb6 26. Bxh5 fxe4 27. Rd4
e5 28. Nd5 Qxd4 29. Nxe7 Qxd2 30. Rxd2 e3 31. Re2 exf4 32. Nxc8 Kxc8 33. Bf3
Bxf3 34. gxf3 Rg1+ 0-1

[Event "7eme open international de La Fere"]
[Site "La Fere (FRA)"]
[Date "2008.07.09"]
[Round "6.16"]
[White "Vinckier, Delphine"]
[Black "Houriez, Clement"]
[Result "0-1"]
[WhiteElo "1801"]
[BlackElo "2276"]
[PlyCount "52"]
[EventDate "2008.??.??"]

1. e4 c5 2. Nf3 a6 3. d4 cxd4 4. Nxd4 d6 5. Nc3 Nf6 6. Bg5 e6 7. Qd2 h6 8. Bh4
Nxe4 9. Bxd8 Nxd2 10. Bb6 Nxf1 11. Rxf1 Bd7 12. O-O-O Nc6 13. f3 Rc8 14. Nb3
Ne5 15. Bf2 Nc4 16. Rfe1 Be7 17. Ne4 f5 18. Nc3 b5 19. f4 g5 20. Nd4 Kf7 21. g3
Rhg8 22. Re2 gxf4 23. gxf4 Rg2 24. Rde1 Bf6 25. Be3 Rxe2 26. Ndxe2 Nxe3 0-1